000 00701nam a22002297a 4500
003 UA-OsUOA
001 48175
007 ta
008 20121223b un ||||| |||| 00| 0 ukr d
090 _a082
_bФ83
942 _cBK
040 _aUA-OsUOA
_bukr
_cUA-OsUOA
_dUA-OsUOA
245 _aФранкознавчі студії: збірник наукових праць
_bВип. 4
300 _a858 с.
955 _a1
041 _aukr
080 _a082
260 _aДрогобич
_bКоло
_c2007
650 7 _a08 Видання. Колективні праці
_2UDC
999 _c428277
_d428277